Kadra rep. Portugalii na mundial 2018 - Statystyki

Ogólne statystyki
  • Ten quiz został rozwiązany 115 razy
  • Średni wynik to 15 z 24
Statystyki odpowiedzi
pozycja # klub piłkarz % Poprawnych
N 7 Real Cristiano Ronaldo
99%
B 1 Sporting Rui Patricio
94%
P 11 Man City Bernardo Silva
91%
P 23 Leicester Adrien Silva
89%
N 9 Milan Andre Silva
89%
O 3 Besiktas Pepe
89%
O 5 BVB Raphael Guerreiro
87%
B 12 Lyon Anthony Lopes
85%
N 20 Besiktas Ricardo Quaresma
74%
O 19 Napoli Mario Rui
70%
P 16 Sporting Bruno Fernandes
63%
P 4 Lokomotiw Manuel Fernandes
59%
P 8 Monaco Joao Moutinho
57%
P 14 Sporting William Carvalho
55%
selekcjoner - - Fernando Santos
54%
N 17 Valencia Goncalo Guedes
53%
O 6 Dalian Yifang Jose Fonte
52%
P 10 West Ham Joao Mario
49%
O 15 Porto Ricardo Pereira
42%
O 13 Benfica Ruben Dias
41%
B 22 Goztepe Beto
39%
O 21 Southampton Cedric Soares
33%
O 2 Rangers Bruno Alves
32%
N 18 Sporting Gelson Martins
19%
Nie znaleziono quizów pasujących do podanych kryteriów
Rozkład punktacji
Procent ludzi z każdym wynikiem
Percentyl według liczby udzielonych odpowiedzi
Twoja historia wyników
Nie rozwiązałeś tego quizu